Formy obchodných v spoločností v podmienkach EÚ a ich právna úprava diplomová práca
Enregistré dans:
| Auteur principal: | |
|---|---|
| Collectivité auteur: | |
| Autres auteurs: | |
| Format: | Livre |
| Langue: | slovaque |
| Publié: |
Bratislava
2009
|
| Tags: |
Pas de tags, Soyez le premier à ajouter un tag!
|
MARC
| LEADER | 00000nam$a2200000$$$4500 | ||
|---|---|---|---|
| 001 | 0101013 | ||
| 005 | 20240320074948.8 | ||
| 041 | 0 | |a slo | |
| 044 | |a SK | ||
| 245 | 1 | 0 | |a Formy obchodných v spoločností v podmienkach EÚ a ich právna úprava |b diplomová práca |c Mária Paulovičová ; škol. Iva Lukačovičová |
| 264 | 1 | |a Bratislava |c 2009 | |
| 300 | |a 83 s. | ||
| 100 | 1 | |a Paulovičová, Mária | |
| 700 | 1 | |a Lukačovičová, Iva | |
| 710 | 2 | |a Obchodná fakulta EU. Katedra obchodného práva | |